Summa observatorum quas de cholera orientali a die XXIV julii usque diem XX septembris anni MDCCCXXXI in... civitatis Pest nosocomiis collectas / (Record no. 162399)

MARC details
000 -LEADER
campo de control de longitud fija 00907nam a2200205 i 4500
001 - NÚMERO DE CONTROL
campo de control 162399
003 - IDENTIFICADOR DE NÚMERO DE CONTROL
campo de control ES-MaACL
005 - FECHA Y HORA DE LA ÚLTIMA TRANSACCIÓN
campo de control 20250901032930.0
008 - DATOS DE LONGITUD FIJA--INFORMACIÓN GENERAL
campo de control de longitud fija 041112s1831 hu af |||| | lat d
040 ## - FUENTE DE CATALOGACIÓN
Centro catalogador/agencia de origen CAM
Lengua de catalogación spa
Centro/agencia transcriptor CAM
100 1# - ENTRADA PRINCIPAL--NOMBRE DE PERSONA
Nombre de persona Polya, Joseph.
9 (RLIN) 131252
245 10 - MENCIÓN DEL TÍTULO
Título Summa observatorum quas de cholera orientali a die XXIV julii usque diem XX septembris anni MDCCCXXXI in... civitatis Pest nosocomiis collectas /
Mención de responsabilidad, etc. sistunt Josephus Pólya et J. Carol Grünhut.
260 ## - PUBLICACIÓN, DISTRIBUCIÓN, ETC.
Lugar de publicación, distribución, etc. Pestiti :
Nombre del editor, distribuidor, etc. apud Ottonem Wigand,
Fecha de publicación, distribución, etc. 1831.
300 ## - DESCRIPCIÓN FÍSICA
Extensión VI, 61 p., [3] h. de lám. pleg. ;
Dimensiones 22 cm.
599 ## - NOTA A LAS ILUSTRACIONES
NOTA A LAS ILUSTRACIONES Las h. de lám. cromolit.: "delin Pólya, lith v. G. Schlick, Steindr. v. A. Kneisel"
650 #7 - PUNTO DE ACCESO ADICIONAL DE MATERIA--TÉRMINO DE MATERIA
Término de materia o nombre geográfico como elemento de entrada Cólera
Fuente del encabezamiento o término embne
9 (RLIN) 11143
700 11 - ENTRADA AGREGADA--NOMBRE PERSONAL
Nombre de persona Grünhut, Joseph Karl.
9 (RLIN) 127581
852 ## - LOCALIZACIÓN
Ubicación ES-MaACL
Número de control de estantería T-491-F-3
Nota libre -- Enc. hol.
condición física -- Falto de la cub. original
Nota libre -- Enc. en un vol. facticio
Holdings
Estatus retirado Estado de pérdida Estado de daño No para préstamo Colección Biblioteca de origen Biblioteca actual Ubicación en estantería Fecha de adquisición Total de préstamos Signatura topográfica completa Código de barras Visto por última vez Precio de reemplazo Tipo de ítem Koha
        Colección de folletos Biblioteca del Ateneo de Madrid Biblioteca del Ateneo de Madrid Depósito folletos 17/01/2008   T-491-F-3 1170135 23/02/2023 23/02/2023 Folleto